00756nam a22002057a 450000500170000001000150001702000260003203500140005803700130007208200140008510000310009924501000013026000380023027000630026830000200033170000310035194200250038299900190040795201240042620250225125227.0 aENG-143925 a9789388305426c421.00 aEN-127457 bDBAD/PUB a363.3422 aPandharinath Navale978689 aEarth and Atmospheric Disasters Management cNavale PandharinathbNatural and Man-madehEnglish aHyderabadbB.S Publicationsc2019 a4-4-309/316 ,Giriraj Lane ,Sultan BazarbHyderabade500095 a473pc24cm(pbk) aSnorrason, Gylfi K.978655 2ddccENh363.34mPAN c209739d209739 001040708NFICaLbLd2025-02-25eDBADg421.00l0o363.34 PANpEN-127457r2025-02-25 00:00:00v421.00w2025-02-25yEN